000 00793nam a22002777a 4500
005 20250806131425.0
008 180822b xxu||||| |||| 00| 0 spa d
020 _a9789968482332
041 _aESP
082 _aCR 861.4 D633c
100 _aDobles Izaguirre, Julieta
_928108
245 _aCosta Rica poema a poema: un recorrido por el alma secreta de la patria
260 _aCosta Rica
260 _bEUNED
260 _c2017
300 _a200 páginas
300 _bIlustraciones a color
490 _aTEMÁTICA GENERAL
500 _aIncluye obras del artista Ricardo "Chino" Morales
650 _aTEMÁTICA GENERAL
650 _aLITERATURA COSTARRICENSE
650 _aPOESÍA COSTARRICENSE
650 _aPOESÍA FEMENINA
650 _aCOSTA RICA
942 _cLIT
_2ddc
999 _c11041
_d11041